[Event "Bogota AlphaZero op"]
[Site "Bogota"]
[Date "2018.08.20"]
[Round "6"]
[White "Cordero Gonzalez, Victor William"]
[Black "Bastidas Aponte, Victor Alberto"]
[Result "0-1"]
[WhiteElo "1659"]
[BlackElo "1430"]
[PlyCount "47"]
[EventDate "2018.08.17"]
[EventType "swiss"]
[EventRounds "7"]
[EventCountry "COL"]
[SourceTitle "CBM 186 Extra"]
[Source "ChessBase"]
[SourceDate "2018.08.24"]
[SourceVersion "1"]
[SourceVersionDate "2018.08.24"]
[SourceQuality "1"]

1. e4 Nf6 2. e5 Nd5 3. c4 Nb6 4. Nc3 e6 5. Nf3 d5 6. cxd5 Nxd5 7. Nxd5 Qxd5 8. Qa4+ Bd7 9. Qc4 Nc6 10. Qxd5 exd5 11. a3 Bg4 12. Be2 0-0-0 13. h3 Bxf3 14. Bxf3 Nxe5 15. Bg4+ Kb8 16. Be2 d4 17. f4 Nc6 18. g3 Re8 19. Kf2 h6 20. b4 Ne7 21. Bb2 c5 22. Rhc1 b6 23. b5 Nd5 24. Re1 0-1

[Event "Bogota AlphaZero op"]
[Site "Bogota"]
[Date "2018.08.18"]
[Round "3"]
[White "Obando Guzman, Soren Federico"]
[Black "Bastidas Aponte, Victor Alberto"]
[Result "0-1"]
[WhiteElo "2022"]
[BlackElo "1430"]
[PlyCount "44"]
[EventDate "2018.08.17"]
[EventType "swiss"]
[EventRounds "7"]
[EventCountry "COL"]
[SourceTitle "CBM 186 Extra"]
[Source "ChessBase"]
[SourceDate "2018.08.24"]
[SourceVersion "1"]
[SourceVersionDate "2018.08.24"]
[SourceQuality "1"]

1. d4 Nf6 2. c4 g6 3. Nc3 Bg7 4. e4 d6 5. h3 a6 6. Be3 Nfd7 7. g4 e5 8. d5 c5 9. dxc6 Nxc6 10. Qxd6 Bf8 11. Qd2 Bb4 12. Bh6 Nc5 13. Qxd8+ Nxd8 14. f3 Nde6 15. 0-0-0 Bxc3 16. bxc3 Bd7 17. Be3 0-0 18. Rd5 b6 19. Rxe5 Ba4 20. Ne2 Nd3+ 21. Kb1 Nxe5 22. Nd4 Rac8 0-1

[Event "COL-ch Amateur U1700"]
[Site "Bogota"]
[Date "2017.03.05"]
[Round "7"]
[White "Bastidas Aponte, Victor Alberto"]
[Black "Munoz, Rafael Antonio"]
[Result "0-1"]
[WhiteElo "1616"]
[BlackElo "1610"]
[PlyCount "40"]
[EventDate "2017.03.02"]
[EventType "swiss"]
[EventRounds "7"]
[EventCountry "COL"]
[SourceTitle "CBM 177 Extra"]
[Source "ChessBase"]
[SourceDate "2017.04.27"]
[SourceVersion "1"]
[SourceVersionDate "2017.04.27"]
[SourceQuality "1"]

1. e4 e6 2. d4 d5 3. e5 c5 4. c3 Nc6 5. Nf3 Qb6 6. Be2 Bd7 7. 0-0 cxd4 8. cxd4 Nge7 9. b3 Nf5 10. Bb2 Rc8 11. g4 Nh6 12. h3 Be7 13. Nc3 0-0 14. Na4 Qd8 15. Nc5 Nxd4 16. Nxb7 Nxf3+ 17. Bxf3 Qb6 18. Nd6 Bxd6 19. exd6 Qxd6 20. Bc1 Rc3 0-1